Statistics for Countries that Visit Spain the Most

Click here to take the quiz!

General Stats

  • This quiz has been taken 100 times
  • The average score is 9 of 10

Answer Stats

# VisitsCountry% Correct
18,012,484United Kingdom
100%
11,147,397France
99%
11,158,022Germany
97%
4,534,515Italy
97%
2,428,790Portugal
95%
3,324,870United States
95%
3,684,260Netherlands
92%
2,525,887Belgium
91%
2,177,592Ireland
82%
1,811,865Switzerland
77%

Score Distribution

Percentile by Number Answered

Percent of People with Each Score

Your Score History

You have not taken this quiz